| 000 | 01324naa a22003377a 4500 | ||
|---|---|---|---|
| 001 | BR8107833 | ||
| 003 | BR-BrBNA | ||
| 005 | 20250716171955.0 | ||
| 007 | ta | ||
| 008 | 250630b bl.|||m| |||| 00| 0 por d | ||
| 040 |
_aBR-BrBNA _bpor _cBiblioteca Nacional de Agricultura |
||
| 041 | _a(Pt) | ||
| 072 |
_aS00; S30 _b/G514 |
||
| 090 | _aS00 BR8107833 | ||
| 100 | 1 | _aAngeleli, W.A. | |
| 100 | 1 | _aDuarte, F.A.M. | |
| 100 | 1 | _aOliveira, J.E.D. de | |
| 245 | 1 | _aEstado nutricional, alimentacao e capacidade fisica de trabalhadores volantes rurais ou boias-frias [Ribeirao Preto, Sao Paulo, Brasil] | |
| 500 | _aBioas-frias, um estudo socio-economico-nutricional sobre trabalhadores volantes rurais da area de Ribeirao Preto Sao Paulo, SP (Brasil): 1981. p. 7-85 [13 tables; 21 ref.] (BR8107833-AMS) | ||
| 773 | 0 |
_tBioas-frias, um estudo socio-economico-nutricional sobre trabalhadores volantes rurais da area de Ribeirao Preto _wS00 BR8107833 _gSao Paulo, SP (Brasil), 1981. p. 7-85 |
|
| 650 | _aTRABALHADOR RURAL | ||
| 650 | _aBAIXA RENDA | ||
| 650 | _aALIMENTACAO | ||
| 650 | _aEXIGENCIA NUTRICIONAL | ||
| 650 | _aCONSUMO ALIMENTAR | ||
| 650 | _aRIBEIRAO PRETO | ||
| 650 | _aSAO PAULO | ||
| 490 |
_aPublicacao ACIESP (Brazil) _vno. 30 |
||
| 942 |
_cAMS _2AGRIS |
||
| 909 |
_a202506 _bLúcia _c55 _dLúcia Elande |
||
| 999 |
_c333930 _d333930 |
||